[Event "DEM U18 2024"]
[Site "Willingen GER"]
[Date "2024.05.25"]
[Round "9"]
[White "Heinrich, John"]
[Black "Foksha, Mischa"]
[Result "1/2-1/2"]
[Termination "normal"]
[Board "6"]
[WhiteElo "2277"]
[BlackElo "2022"]
[WhiteClock "00:30:29"]
[BlackClock "00:33:15"]
[PlyCount "109"]
[WhiteFideId "16259491"]
[BlackFideId "16253400"]
[EventCountry "GER"]
[EventRounds "9"]
[EventType "swiss"]
[EventDate "2024.05.18"]

1. Nf3 {[%clk 01:30:57]} {[%emt 00:00:02]} Nf6 {[%clk 01:30:55]} {[%emt
00:00:06]} 2. c4 {[%clk 01:31:12]} {[%emt 00:00:15]} e6 {[%clk 01:31:19]}
{[%emt 00:00:05]} 3. Nc3 {[%clk 01:29:12]} {[%emt 00:02:30]} d5 {[%clk
01:31:02]} {[%emt 00:00:47]} 4. e3 {[%clk 01:29:38]} {[%emt 00:00:05]} a6
{[%clk 01:30:51]} {[%emt 00:00:41]} 5. b3 {[%clk 01:29:39]} {[%emt 00:00:29]}
Be7 {[%clk 01:30:34]} {[%emt 00:00:47]} 6. Bb2 {[%clk 01:29:58]} {[%emt
00:00:11]} O-O {[%clk 01:30:44]} {[%emt 00:00:20]} 7. Be2 {[%clk 01:28:02]}
{[%emt 00:02:26]} b6 {[%clk 01:29:44]} {[%emt 00:01:31]} 8. cxd5 {[%clk
01:25:15]} {[%emt 00:03:16]} Nxd5 {[%clk 01:26:41]} {[%emt 00:03:33]} 9. Qc2
{[%clk 01:25:13]} {[%emt 00:00:32]} Bb7 {[%clk 01:23:42]} {[%emt 00:03:29]} 10.
h4 {[%emt 00:00:31]} h6 {[%clk 01:14:29]} {[%emt 00:09:32]} 11. a3 {[%clk
01:23:48]} {[%emt 00:02:06]} Nd7 {[%clk 00:58:56]} {[%emt 00:16:02]} 12. g4
{[%clk 01:12:28]} {[%emt 00:11:50]} f5 {[%clk 00:47:42]} {[%emt 00:11:44]} 13.
gxf5 {[%clk 01:03:45]} {[%emt 00:09:12]} Nxc3 {[%clk 00:47:50]} {[%emt
00:00:23]} 14. Bxc3 {[%clk 01:03:00]} {[%emt 00:01:15]} Nc5 {[%clk 00:42:38]}
{[%emt 00:05:42]} 15. Rg1 {[%clk 01:00:35]} {[%emt 00:02:55]} Bf6 {[%clk
00:42:09]} {[%emt 00:01:00]} 16. Nd4 {[%clk 00:56:20]} {[%emt 00:04:44]} Be4
{[%clk 00:42:14]} {[%emt 00:00:24]} 17. d3 {[%clk 00:56:22]} {[%emt 00:00:28]}
Bxf5 {[%clk 00:42:39]} {[%emt 00:00:06]} 18. O-O-O {[%clk 00:54:06]} {[%emt
00:02:46]} Qd6 {[%clk 00:36:48]} {[%emt 00:06:21]} 19. Rg3 {[%clk 00:48:56]}
{[%emt 00:05:39]} Bh7 {[%clk 00:35:33]} {[%emt 00:01:46]} 20. b4 {[%clk
00:46:34]} {[%emt 00:02:53]} Nd7 {[%clk 00:35:07]} {[%emt 00:00:56]} 21. Bg4
{[%clk 00:36:06]} {[%emt 00:10:57]} Rae8 {[%clk 00:34:31]} {[%emt 00:01:06]}
22. Bh5 {[%clk 00:31:38]} {[%emt 00:04:59]} Re7 {[%clk 00:33:10]} {[%emt
00:01:51]} 23. Bg6 {[%clk 00:31:36]} {[%emt 00:00:31]} Bxh4 {[%clk 00:30:59]}
{[%emt 00:02:41]} 24. Bxh7+ {[%clk 00:31:36]} {[%emt 00:00:30]} Kxh7 {[%clk
00:31:25]} {[%emt 00:00:05]} 25. Rg2 {[%clk 00:31:10]} {[%emt 00:00:55]} a5
{[%clk 00:23:01]} {[%emt 00:08:54]} 26. Rdg1 {[%clk 00:30:08]} {[%emt
00:01:32]} e5 {[%clk 00:21:33]} {[%emt 00:01:58]} 27. Nb3 {[%clk 00:29:50]}
{[%emt 00:00:48]} Kh8 {[%clk 00:21:21]} {[%emt 00:00:42]} 28. Kb2 {[%clk
00:27:20]} {[%emt 00:03:00]} axb4 {[%clk 00:21:15]} {[%emt 00:00:36]} 29. axb4
{[%clk 00:27:41]} {[%emt 00:00:09]} c5 {[%clk 00:21:06]} {[%emt 00:00:39]} 30.
Qd2 {[%clk 00:24:36]} {[%emt 00:03:34]} cxb4 {[%clk 00:16:16]} {[%emt
00:05:21]} 31. Bxb4 {[%clk 00:24:58]} {[%emt 00:00:07]} Nc5 {[%clk 00:16:44]}
{[%emt 00:00:03]} 32. Bxc5 {[%clk 00:20:20]} {[%emt 00:05:09]} bxc5 {[%clk
00:16:55]} {[%emt 00:00:18]} 33. Rg6 {[%clk 00:18:53]} {[%emt 00:01:56]} Qxg6
{[%clk 00:16:05]} {[%emt 00:01:21]} 34. Rxg6 {[%clk 00:18:42]} {[%emt
00:00:41]} Rxf2 {[%clk 00:16:31]} {[%emt 00:00:04]} 35. Rg2 {[%clk 00:16:29]}
{[%emt 00:02:42]} Rxd2+ {[%clk 00:16:54]} {[%emt 00:00:07]} 36. Nxd2 {[%clk
00:16:58]} {[%emt 00:00:02]} Rf7 {[%clk 00:14:53]} {[%emt 00:02:30]} 37. Rg4
{[%clk 00:14:30]} {[%emt 00:02:58]} g5 {[%clk 00:12:11]} {[%emt 00:03:13]} 38.
Nc4 {[%clk 00:13:51]} {[%emt 00:01:09]} h5 {[%clk 00:10:12]} {[%emt 00:02:29]}
39. Rg1 {[%clk 00:12:06]} {[%emt 00:02:14]} Re7 {[%clk 00:06:17]} {[%emt
00:04:25]} 40. Nd2 {[%clk 00:08:20]} {[%emt 00:04:17]} Kh7 {[%clk 00:05:35]}
{[%emt 00:01:12]} 41. Nf3 {[%clk 00:08:22]} {[%emt 00:00:27]} Kh6 {[%clk
00:05:54]} {[%emt 00:00:11]} 42. Kc2 {[%clk 00:03:36]} {[%emt 00:05:17]} e4
{[%clk 00:04:37]} {[%emt 00:01:46]} 43. Nxh4 {[%clk 00:03:20]} {[%emt
00:00:46]} gxh4 {[%clk 00:04:47]} 44. d4 {[%clk 00:30:00]} {[%emt 00:04:10]}
cxd4 {[%clk 00:33:06]} 45. exd4 {[%clk 00:30:29]} {[%emt 00:02:13]} Rg7 {[%clk
00:33:15]} 46. Rh1 {[%clk 00:30:29]} Kg5 {[%clk 00:33:15]} 47. Kd2 {[%clk
00:30:29]} Re7 {[%clk 00:33:15]} 48. Ke3 {[%clk 00:30:29]} Kg4 {[%clk
00:33:15]} 49. Rg1+ {[%clk 00:30:29]} Kh3 {[%clk 00:33:15]} 50. Rg5 {[%clk
00:30:29]} Kh2 {[%clk 00:33:15]} 51. Rxh5 {[%clk 00:30:29]} h3 {[%clk
00:33:15]} 52. Rg5 {[%clk 00:30:29]} Ra7 {[%clk 00:33:15]} 53. Kxe4 {[%clk
00:30:29]} Ra3 {[%clk 00:33:15]} 54. d5 {[%clk 00:30:29]} Rg3 {[%clk 00:33:15]}
55. Rh5 {[%clk 00:30:29]} 1/2-1/2

[Event "DEM U18 2024"]
[Site "Willingen GER"]
[Date "2024.05.25"]
[Round "9"]
[White "Hecht, Jonas Christian"]
[Black "Spriestersbach, Kai"]
[Result "1/2-1/2"]
[Termination "normal"]
[Board "7"]
[WhiteElo "2101"]
[BlackElo "2192"]
[WhiteClock "00:11:53"]
[BlackClock "00:14:37"]
[PlyCount "103"]
[WhiteFideId "16214846"]
[BlackFideId "16269985"]
[EventCountry "GER"]
[EventRounds "9"]
[EventType "swiss"]
[EventDate "2024.05.18"]

1. e4 {[%clk 01:30:57]} {[%emt 00:00:02]} c5 {[%clk 01:30:54]} {[%emt
00:00:04]} 2. Nf3 {[%clk 01:31:17]} {[%emt 00:00:12]} a6 {[%clk 01:31:19]}
{[%emt 00:00:06]} 3. c4 {[%clk 01:28:07]} {[%emt 00:03:40]} e6 {[%clk
01:31:34]} {[%emt 00:00:14]} 4. d4 {[%clk 01:27:10]} {[%emt 00:01:28]} cxd4
{[%clk 01:31:58]} {[%emt 00:00:05]} 5. Nxd4 {[%clk 01:27:37]} {[%emt 00:00:03]}
Nf6 {[%clk 01:32:20]} {[%emt 00:00:08]} 6. Nc3 {[%clk 01:27:11]} {[%emt
00:00:57]} Qc7 {[%clk 01:32:16]} {[%emt 00:00:33]} 7. a3 {[%clk 01:26:01]}
{[%emt 00:01:41]} b6 {[%clk 01:32:41]} {[%emt 00:00:06]} 8. Bd3 {[%clk
01:23:57]} {[%emt 00:02:33]} Bb7 {[%clk 01:25:19]} {[%emt 00:07:51]} 9. O-O
{[%clk 01:20:50]} {[%emt 00:03:38]} Nc6 {[%clk 01:19:30]} {[%emt 00:06:18]} 10.
Nxc6 {[%clk 01:19:50]} {[%emt 00:01:31]} Bxc6 {[%clk 01:15:04]} {[%emt
00:04:55]} 11. Qe2 {[%clk 01:15:21]} {[%emt 00:04:58]} d6 {[%clk 01:14:02]}
{[%emt 00:01:33]} 12. f4 {[%clk 01:02:32]} {[%emt 00:13:19]} h5 {[%clk
01:13:17]} {[%emt 00:01:15]} 13. b4 {[%clk 00:57:26]} {[%emt 00:05:36]} Be7
{[%clk 01:12:50]} {[%emt 00:00:57]} 14. Bb2 {[%clk 00:48:43]} {[%emt 00:09:13]}
h4 {[%clk 01:04:18]} {[%emt 00:09:02]} 15. e5 {[%clk 00:47:30]} {[%emt
00:01:44]} Nd7 {[%clk 01:04:14]} {[%emt 00:00:32]} 16. Be4 {[%clk 00:46:19]}
{[%emt 00:01:43]} h3 {[%clk 01:02:18]} {[%emt 00:02:25]} 17. g3 {[%clk
00:29:45]} {[%emt 00:17:05]} Rc8 {[%clk 00:51:54]} {[%emt 00:10:53]} 18. Bxc6
{[%clk 00:24:54]} {[%emt 00:05:19]} Qxc6 {[%clk 00:49:57]} {[%emt 00:02:29]}
19. exd6 {[%clk 00:22:55]} {[%emt 00:02:29]} Bf6 {[%clk 00:47:00]} {[%emt
00:03:26]} 20. Rad1 {[%clk 00:13:17]} {[%emt 00:10:09]} Qxc4 {[%clk 00:45:33]}
{[%emt 00:01:57]} 21. Qxc4 {[%clk 00:13:23]} {[%emt 00:00:25]} Rxc4 {[%clk
00:46:01]} 22. Na4 {[%clk 00:13:10]} {[%emt 00:00:43]} O-O {[%clk 00:42:14]}
{[%emt 00:04:16]} 23. Bxf6 {[%clk 00:12:02]} {[%emt 00:01:40]} gxf6 {[%clk
00:42:43]} 24. Rf3 {[%clk 00:11:46]} {[%emt 00:00:45]} Rc2 {[%clk 00:37:57]}
{[%emt 00:05:15]} 25. Nc3 {[%clk 00:08:15]} {[%emt 00:04:02]} f5 {[%clk
00:34:57]} {[%emt 00:03:31]} 26. Rdf1 {[%clk 00:04:02]} {[%emt 00:04:42]} Rc8
{[%clk 00:34:51]} {[%emt 00:00:36]} 27. Nd1 {[%clk 00:04:25]} {[%emt 00:00:08]}
Rg2+ {[%clk 00:34:41]} {[%emt 00:00:39]} 28. Kh1 {[%clk 00:04:51]} {[%emt
00:00:05]} Rd2 {[%clk 00:35:07]} {[%emt 00:00:03]} 29. Nf2 {[%clk 00:03:27]}
{[%emt 00:01:54]} Rcc2 {[%clk 00:34:56]} {[%emt 00:00:41]} 30. Kg1 {[%clk
00:03:53]} {[%emt 00:00:04]} Rxd6 {[%clk 00:30:03]} {[%emt 00:05:23]} 31. Nxh3
{[%clk 00:04:12]} {[%emt 00:00:11]} Nf6 {[%clk 00:30:18]} {[%emt 00:00:15]} 32.
R1f2 {[%clk 00:03:48]} {[%emt 00:00:55]} Rc4 {[%clk 00:29:20]} {[%emt
00:01:27]} 33. Ng5 {[%clk 00:03:02]} {[%emt 00:01:15]} Ng4 {[%clk 00:29:31]}
{[%emt 00:00:19]} 34. Re2 {[%clk 00:03:03]} {[%emt 00:00:31]} Rd1+ {[%clk
00:29:22]} {[%emt 00:00:38]} 35. Rf1 {[%clk 00:03:28]} {[%emt 00:00:05]} Rd3
{[%clk 00:29:29]} {[%emt 00:00:23]} 36. Rf3 {[%clk 00:02:22]} {[%emt 00:01:36]}
Rc1+ {[%clk 00:28:44]} {[%emt 00:01:15]} 37. Kg2 {[%clk 00:02:41]} {[%emt
00:00:11]} Rdd1 {[%clk 00:28:55]} {[%emt 00:00:19]} 38. Rb3 {[%clk 00:02:40]}
{[%emt 00:00:31]} Kg7 {[%clk 00:24:50]} {[%emt 00:04:35]} 39. Nf3 {[%clk
00:01:54]} {[%emt 00:01:17]} Nf6 {[%clk 00:23:45]} {[%emt 00:01:34]} 40. Ne5
{[%clk 00:00:43]} {[%emt 00:01:40]} Rg1+ {[%clk 00:21:20]} {[%emt 00:02:55]}
41. Kh3 {[%clk 00:30:11]} {[%emt 00:01:03]} Rc8 {[%clk 00:49:09]} {[%emt
00:02:40]} 42. Nf3 {[%clk 00:29:14]} {[%emt 00:01:27]} Rh8+ {[%clk 00:49:02]}
{[%emt 00:00:37]} 43. Nh4 {[%clk 00:29:39]} {[%emt 00:00:06]} Nd5 {[%clk
00:47:26]} {[%emt 00:02:06]} 44. Rf2 {[%clk 00:26:49]} {[%emt 00:03:20]} Kf6
{[%clk 00:47:13]} {[%emt 00:00:42]} 45. Rbf3 {[%clk 00:22:32]} {[%emt
00:04:48]} Rc1 {[%clk 00:46:29]} {[%emt 00:01:14]} 46. Kg2 {[%clk 00:21:36]}
{[%emt 00:01:26]} Rhc8 {[%clk 00:35:44]} {[%emt 00:11:15]} 47. Ra2 {[%clk
00:15:45]} {[%emt 00:06:21]} Nc3 {[%clk 00:24:39]} {[%emt 00:11:34]} 48. Rb2
{[%clk 00:14:51]} {[%emt 00:01:24]} Nb5 {[%clk 00:23:31]} {[%emt 00:01:38]} 49.
Rd3 {[%clk 00:12:25]} {[%emt 00:02:57]} Ra1 {[%clk 00:23:20]} {[%emt 00:00:40]}
50. Nf3 {[%clk 00:12:33]} {[%emt 00:00:23]} Rxa3 {[%clk 00:15:04]} {[%emt
00:08:46]} 51. Rd7 {[%clk 00:11:59]} {[%emt 00:01:04]} Rc7 {[%clk 00:14:37]}
{[%emt 00:00:57]} 52. Ne5 {[%clk 00:11:53]} {[%emt 00:00:36]} 1/2-1/2

[Event "DEM U18 2024"]
[Site "Willingen GER"]
[Date "2024.05.25"]
[Round "9"]
[White "Hommer, Jeremy"]
[Black "Fuhrmann, Bahne"]
[Result "1/2-1/2"]
[Termination "normal"]
[Board "8"]
[WhiteTitle "FM"]
[WhiteElo "2264"]
[BlackElo "2159"]
[WhiteClock "00:36:56"]
[BlackClock "00:44:54"]
[PlyCount "40"]
[WhiteFideId "12992577"]
[BlackFideId "16244842"]
[EventCountry "GER"]
[EventRounds "9"]
[EventType "swiss"]
[EventDate "2024.05.18"]

1. e4 {[%clk 01:30:58]} {[%emt 00:00:01]} e5 {[%clk 01:28:35]} {[%emt
00:02:26]} 2. Nf3 {[%clk 01:31:16]} {[%emt 00:00:11]} Nc6 {[%clk 01:28:59]}
{[%emt 00:00:07]} 3. Nc3 {[%clk 01:31:36]} {[%emt 00:00:09]} Nf6 {[%clk
01:29:06]} {[%emt 00:00:23]} 4. d4 {[%clk 01:31:59]} {[%emt 00:00:07]} Bb4
{[%clk 01:28:45]} {[%emt 00:00:52]} 5. Nxe5 {[%clk 01:20:16]} {[%emt 00:12:12]}
Qe7 {[%clk 01:28:59]} {[%emt 00:00:16]} 6. Nxc6 {[%clk 01:07:52]} {[%emt
00:12:55]} Qxe4+ {[%clk 01:29:21]} {[%emt 00:00:07]} 7. Be2 {[%clk 01:06:51]}
{[%emt 00:01:31]} dxc6 {[%clk 01:24:53]} {[%emt 00:04:58]} 8. O-O {[%clk
01:07:04]} {[%emt 00:00:17]} Bxc3 {[%clk 01:23:17]} {[%emt 00:02:07]} 9. bxc3
{[%clk 01:07:11]} {[%emt 00:00:22]} O-O {[%clk 01:23:32]} {[%emt 00:00:15]} 10.
Bf3 {[%clk 01:06:07]} {[%emt 00:01:33]} Qg6 {[%clk 01:17:37]} {[%emt 00:06:27]}
11. Rb1 {[%clk 01:06:29]} {[%emt 00:00:07]} Nd5 {[%clk 01:16:23]} {[%emt
00:01:45]} 12. Bd2 {[%clk 01:06:16]} {[%emt 00:00:42]} Nb6 {[%clk 01:12:20]}
{[%emt 00:04:33]} 13. Bf4 {[%clk 01:03:31]} {[%emt 00:03:15]} Nd5 {[%clk
01:05:44]} {[%emt 00:07:07]} 14. Bxd5 {[%clk 00:46:55]} {[%emt 00:17:06]} cxd5
{[%clk 01:06:08]} {[%emt 00:00:06]} 15. Bxc7 {[%clk 00:47:15]} {[%emt
00:00:10]} Bf5 {[%clk 01:01:54]} {[%emt 00:04:44]} 16. Qd2 {[%clk 00:44:41]}
{[%emt 00:03:03]} Rfc8 {[%clk 00:54:23]} {[%emt 00:08:01]} 17. Bg3 {[%clk
00:43:47]} {[%emt 00:01:24]} b6 {[%clk 00:54:13]} {[%emt 00:00:40]} 18. Rbe1
{[%clk 00:43:15]} {[%emt 00:01:01]} Bxc2 {[%clk 00:52:56]} {[%emt 00:01:49]}
19. Re5 {[%clk 00:41:45]} {[%emt 00:01:59]} Qd3 {[%clk 00:44:32]} {[%emt
00:08:54]} 20. Qxd3 {[%clk 00:36:56]} {[%emt 00:05:19]} Bxd3 {[%clk 00:44:54]}
{[%emt 00:00:08]} 1/2-1/2

[Event "DEM U18 2024"]
[Site "Willingen GER"]
[Date "2024.05.25"]
[Round "9"]
[White "Rempe, Jonas"]
[Black "Prieb, Robert"]
[Result "0-1"]
[Termination "normal"]
[Board "9"]
[BlackTitle "CM"]
[WhiteElo "2170"]
[BlackElo "2105"]
[WhiteClock "00:04:52"]
[BlackClock "00:50:31"]
[PlyCount "44"]
[WhiteFideId "16202406"]
[BlackFideId "16212002"]
[EventCountry "GER"]
[EventRounds "9"]
[EventType "swiss"]
[EventDate "2024.05.18"]

1. e4 {[%clk 01:30:43]} {[%emt 00:00:16]} e5 {[%clk 01:30:52]} {[%emt
00:00:09]} 2. Nf3 {[%clk 01:31:07]} {[%emt 00:00:06]} Nc6 {[%clk 01:31:13]}
{[%emt 00:00:09]} 3. Bb5 {[%clk 01:31:27]} {[%emt 00:00:10]} f5 {[%clk
01:31:32]} {[%emt 00:00:10]} 4. d4 {[%clk 01:26:40]} {[%emt 00:05:18]} fxe4
{[%clk 01:31:01]} {[%emt 00:01:01]} 5. Nxe5 {[%clk 01:22:07]} {[%emt 00:05:03]}
Nxe5 {[%clk 01:31:12]} {[%emt 00:00:19]} 6. dxe5 {[%clk 01:22:35]} {[%emt
00:00:02]} c6 {[%clk 01:31:22]} {[%emt 00:00:19]} 7. Bc4 {[%clk 01:18:06]}
{[%emt 00:05:00]} Qa5+ {[%clk 01:30:41]} {[%emt 00:01:11]} 8. Nc3 {[%clk
01:04:36]} {[%emt 00:14:00]} Qxe5 {[%clk 01:30:46]} {[%emt 00:00:24]} 9. Bxg8
{[%clk 00:56:27]} {[%emt 00:08:40]} Rxg8 {[%clk 01:31:07]} {[%emt 00:00:08]}
10. O-O {[%clk 00:56:53]} {[%emt 00:00:05]} d5 {[%clk 01:31:05]} {[%emt
00:00:32]} 11. f3 {[%clk 00:53:49]} {[%emt 00:03:34]} Be6 {[%clk 01:16:08]}
{[%emt 00:15:27]} 12. fxe4 {[%clk 00:45:17]} {[%emt 00:09:02]} O-O-O {[%clk
01:08:16]} {[%emt 00:08:22]} 13. Bf4 {[%clk 00:36:30]} {[%emt 00:09:18]} Bc5+
{[%clk 01:07:48]} {[%emt 00:00:57]} 14. Kh1 {[%clk 00:36:59]} Qd4 {[%clk
01:08:04]} {[%emt 00:00:14]} 15. Qh5 {[%clk 00:30:44]} {[%emt 00:06:45]} dxe4
{[%clk 01:02:48]} {[%emt 00:05:46]} 16. Rad1 {[%clk 00:27:05]} {[%emt
00:04:10]} Qc4 {[%clk 01:02:31]} {[%emt 00:00:47]} 17. Qxh7 {[%clk 00:19:03]}
{[%emt 00:08:31]} e3 {[%clk 00:56:34]} {[%emt 00:06:28]} 18. Qh5 {[%clk
00:12:29]} {[%emt 00:07:04]} Rxd1 {[%clk 00:54:49]} {[%emt 00:02:15]} 19. Rxd1
{[%clk 00:09:12]} {[%emt 00:03:47]} Qxf4 {[%clk 00:51:30]} {[%emt 00:03:49]}
20. Qxc5 {[%clk 00:09:23]} {[%emt 00:00:18]} Bg4 {[%clk 00:50:34]} {[%emt
00:01:26]} 21. Re1 {[%clk 00:08:39]} {[%emt 00:01:14]} Rh8 {[%clk 00:50:07]}
{[%emt 00:00:57]} 22. h3 {[%clk 00:04:52]} {[%emt 00:04:18]} Rxh3+ {[%clk
00:50:31]} {[%emt 00:00:06]} 0-1